Normal view
MARC view
- لاريفي،باربارا مؤلف/أيوب،محمد مترجم/جمل،محمد جهاد مراجع
Entry Personal Name
001 - CONTROL NUMBER
- control field: 23286
003 - CONTROL NUMBER IDENTIFIER
- control field: JO-AjAnu
005 - DATE AND TIME OF LATEST TRANSACTION
- control field: 20230606074015.0
008 - FIXED-LENGTH DATA ELEMENTS
- fixed length control field: 230606|| aca||aabn | a|a d
040 ## - CATALOGING SOURCE
- Original cataloging agency: JO-AjAnu
- Transcribing agency: JO-AjAnu
100 ## - HEADING--PERSONAL NAME
- Personal name: لاريفي،باربارا مؤلف/أيوب،محمد مترجم/جمل،محمد جهاد مراجع
670 ## - SOURCE DATA FOUND
- Source citation: Work cat.: (JO-AjAnu)11967: لاريفي،باربارا مؤلف/أيوب،محمد مترجم/جمل،محمد جهاد مراجع, author, الإدارة الصفية:خلق مجتمع من المتعلمين